<?xml version="1.0" encoding="UTF-8"?><?xml-stylesheet type="text/xsl" href="static/style.xsl"?><OAI-PMH xmlns="http://www.openarchives.org/OAI/2.0/" xmlns:xsi="http://www.w3.org/2001/XMLSchema-instance" xsi:schemaLocation="http://www.openarchives.org/OAI/2.0/ http://www.openarchives.org/OAI/2.0/OAI-PMH.xsd"><responseDate>2026-06-07T13:54:01Z</responseDate><request verb="GetRecord" identifier="oai:docta.ucm.es:20.500.14352/34836" metadataPrefix="marc">https://docta.ucm.es/rest/oai/request</request><GetRecord><record><header><identifier>oai:docta.ucm.es:20.500.14352/34836</identifier><datestamp>2023-08-04T02:32:48Z</datestamp><setSpec>com_20.500.14352_14</setSpec><setSpec>col_20.500.14352_15</setSpec></header><metadata><record xmlns="http://www.loc.gov/MARC21/slim" xmlns:dcterms="http://purl.org/dc/terms/" xmlns:xsi="http://www.w3.org/2001/XMLSchema-instance" xmlns:doc="http://www.lyncode.com/xoai" xsi:schemaLocation="http://www.loc.gov/MARC21/slim http://www.loc.gov/standards/marcxml/schema/MARC21slim.xsd">
   <leader>00925njm 22002777a 4500</leader>
   <datafield ind2=" " ind1=" " tag="042">
      <subfield code="a">dc</subfield>
   </datafield>
   <datafield ind2=" " ind1=" " tag="720">
      <subfield code="a">Valle Gastaminza, Félix del</subfield>
      <subfield code="e">author</subfield>
   </datafield>
   <datafield ind2=" " ind1=" " tag="260">
      <subfield code="c">2014</subfield>
   </datafield>
   <datafield ind2=" " ind1=" " tag="520">
      <subfield code="a">A partir de tres ejes, la iconografía, la lectura visual de la imagen y la teoría de la recepción, se establece una tipología histórica de las imágenes que contribuyen a fijar la plasmación iconográfica del paisaje de la región hasta mediados del siglo XX: las primeras imágenes de los fotógrafos viajeros; las imágenes de los libros ilustrados; las fotografías publicadas en la prensa y en las revistas ilustradas; las tarjetas postales, las fotografías de los fotógrafos y estudios locales y las imágenes de aficionados.</subfield>
   </datafield>
   <datafield ind2=" " ind1=" " tag="520">
      <subfield code="a">The study has three axes: The iconography, the visual image reading and reception theory and proposes a historical typology of images that help set the iconography of the landscape of the region until the mid-twentieth century: The first images of travelers photographers; the pictures of illustrated books; the photographs published in newspapers and illustrated magazines; the postcards, the photographs of professional and amateurs photographers.</subfield>
   </datafield>
   <datafield ind1="8" ind2=" " tag="024">
      <subfield code="a">0210-8550</subfield>
   </datafield>
   <datafield ind1="8" ind2=" " tag="024">
      <subfield code="a">https://hdl.handle.net/20.500.14352/34836</subfield>
   </datafield>
   <datafield ind1="8" ind2=" " tag="024">
      <subfield code="a">http://www.larioja.org/ier</subfield>
   </datafield>
   <datafield ind2="0" ind1="0" tag="245">
      <subfield code="a">Notas sobre el paisaje fotográfico de La Rioja (1860-1936)</subfield>
   </datafield>
</record></metadata></record></GetRecord></OAI-PMH>